000 00465nam a2200193Ia 4500
005 20250603145454.0
008 250603s9999 xx 000 0 und d
020 _a81-224-1797-3
050 _aQD 251 .B36/
100 _aBansal, Raj K.
245 0 _aOrganic chemistry : problem and solution
250 _a2nd
260 _aNew Delhi
260 _bNew Age InternationalLimited
260 _c2006
300 _a466 p
650 _aNew Delhi
942 _cBK
999 _c41954
_d41954